Leçons élémentaires de physique à l'usage des candidats au certificat d'études physiques, chimiques et naturelles (P.C.N.) (Record no. 147089)

MARC details
000 -LEADER
campo de control de longitud fija 00881nam a2200193 i 4500
001 - NÚMERO DE CONTROL
campo de control 147089
003 - IDENTIFICADOR DE NÚMERO DE CONTROL
campo de control ES-MaACL
005 - FECHA Y HORA DE LA ÚLTIMA TRANSACCIÓN
campo de control 20230906201809.0
007 - CAMPO FIJO DE DESCRIPCIÓN FÍSICA--INFORMACIÓN GENERAL
campo de control de longitud fija t|
008 - DATOS DE LONGITUD FIJA--INFORMACIÓN GENERAL
campo de control de longitud fija 070921s1929 fr ||||1| fre d
100 1# - ENTRADA PRINCIPAL--NOMBRE DE PERSONA
Nombre de persona Turpain, Albert.
9 (RLIN) 111752
245 10 - MENCIÓN DEL TÍTULO
Título Leçons élémentaires de physique à l'usage des candidats au certificat d'études physiques, chimiques et naturelles (P.C.N.)
Resto del título : Pesanteur. Statique des fluides. Chaleur. Travail et énergie /
Mención de responsabilidad, etc. par Albert Turpain : avec une préface de P. Garbe.
250 ## - MENCION DE EDICION
Mención de edición 8e éd.
260 ## - PUBLICACIÓN, DISTRIBUCIÓN, ETC.
Lugar de publicación, distribución, etc. Paris :
Nombre del editor, distribuidor, etc. [P. Brodard],
Fecha de publicación, distribución, etc. 1929.
300 ## - DESCRIPCIÓN FÍSICA
Extensión 2 v. :
Otras características físicas il ;
Dimensiones 23 cm.
505 8# - NOTA DE CONTENIDO CON FORMATO
Nota de contenido con formato Contiene: Tomo I. Pesanteur. Statique des fluides. Chaleur, travail et energie.-- Tomo II Optique geometrique. Etudades vibration acustique. Optique physique. Electricite Meteriologie
700 1# - ENTRADA AGREGADA--NOMBRE PERSONAL
Nombre de persona Garbe, P.
9 (RLIN) 164107
852 ## - LOCALIZACIÓN
Ubicación ES-MaACL
Número de control de estantería A-576-77
Holdings
Estatus retirado Estado de pérdida Estado de daño No para préstamo Biblioteca de origen Biblioteca actual Ubicación en estantería Fecha de adquisición Fuente de adquisición Total de préstamos Signatura topográfica completa Código de barras Visto por última vez Precio de reemplazo Tipo de ítem Koha
        Biblioteca del Ateneo de Madrid Biblioteca del Ateneo de Madrid Sala Pecera Planta 1 17/01/2008     A-576-77 1153502 23/02/2023 23/02/2023 Libro impreso